| 000 | 00459nam a22001457a 4500 | ||
|---|---|---|---|
| 003 | macl | ||
| 005 | 20180427130140.0 | ||
| 008 | 180427b xxu||||| |||| 00| 0 eng d | ||
| 040 | _cmacl | ||
| 100 |
_aएम लक्ष्मीकांत _917322 |
||
| 245 | _aलोक प्रशासन | ||
| 260 |
_aचैन्नई _bमै्ग्राहिल्स _c2018 |
||
| 650 |
_aलोक प्रशासन _936378 |
||
| 942 |
_2ddc _cHIN |
||
| 999 |
_c57984 _d57984 |
||